Histoire de la Belgique pour les nuls - Statistiques

Statistiques générales
  • Ce quiz a été pris 108 fois
  • Le résultat moyen est 5 sur 10
Statistiques - réponses
Hint Réponse % Correct
Quel roi belge a régné sur l'État indépendant du Congo, une colonie privée, jusqu'en 1908 ? Léopold II.
90%
En quelle année la Belgique a-t-elle obtenu son indépendance ? 1830
85%
Quelle langue est principalement parlée en Flandre ? Le néerlandais.
83%
Quelle ville belge est connue pour son rôle dans la création de l'Union européenne ? Bruxelles.
82%
Quelle bataille décisive a eu lieu en Belgique en 1815 et a marqué la défaite de Napoléon ? La bataille de Waterloo.
78%
Quelle région belge a été le théâtre de la bataille des Ardennes pendant la Seconde Guerre mondiale ? La Wallonie.
38%
Quel célèbre peintre flamand du XVIIe siècle est connu pour ses œuvres baroques, comme La Descente de Croix ? Pierre Paul Rubens.
17%
Quel roi est devenu le premier souverain de la Belgique indépendante ? Léopold Ier.
11%
Quel traité a reconnu officiellement l'indépendance de la Belgique en 1839 ? Le traité de Londres.
4%
Quel événement tragique de 1914 a marqué l'invasion de la Belgique par l'Allemagne lors de la Première Guerre mondiale ? Le sac de Louvain.
1%
Aucun quiz correspondant
Distribution des résultats
% des personnes avec chaque résultat
Percentile par nombre de réponses
Votre historique - résultats
Vous n’avez pas pris ce quiz